Т. 1: Государство и экономика: опыт экономической политики; Сочинения

Podrobná bibliografie
Parent link:Сочинения: в 6 т./ В. А. Мау; Академия народного хозяйства при Правительстве Российской Федерации (АНХ). Реформы и догмы: государство и экономика в эпоху реформ и революций 1860-1920-е годы. В поисках планомерности: экономические дискуссии 1930-1960-х годов.— , 2010.— 978-5-7749-0585-0
Jazyk:ruština
Vydáno: 2010
Témata:
Médium: MixedMaterials Kniha
KOHA link:https://koha.lib.tpu.ru/cgi-bin/koha/opac-detail.pl?biblionumber=181359

MARC

LEADER 00000nam2a2200000 4500
001 181359
005 20231101223620.0
010 |a 9785774905867 
035 |a (RuTPU)RU\TPU\book\196596 
090 |a 181359 
100 |a 20100607d2010 k y0rusy50 ca 
101 0 |a rus 
102 |a RU 
105 |a y z 001zy 
200 0 |a Т. 1: Государство и экономика: опыт экономической политики 
210 |d 2010 
215 |a 712 с. 
320 |a Библиогр.: с. 689-702. 
320 |a Именной указатель: с. 703-705. 
461 1 |0 (RuTPU)RU\TPU\book\197211  |y 978-5-7749-0585-0  |t Сочинения  |o в 6 т.  |f В. А. Мау  |g Академия народного хозяйства при Правительстве Российской Федерации (АНХ)  |v Реформы и догмы: государство и экономика в эпоху реформ и революций 1860-1920-е годы. В поисках планомерности: экономические дискуссии 1930-1960-х годов  |d 2010 
606 1 |a Экономическая мысль  |x История  |y Россия  |2 stltpush  |3 (RuTPU)RU\TPU\subj\67541  |9 83298 
606 1 |a Экономическая политика  |y Россия  |y СССР  |2 stltpush  |3 (RuTPU)RU\TPU\subj\26583  |9 50477 
610 1 |a экономические реформы 
610 1 |a экономическая история 
610 1 |a 19 век 
610 1 |a 20 съезд 
610 1 |a экономические дискуссии 
610 1 |a модернизация 
610 1 |a политическая стабильность 
610 1 |a модели 
610 1 |a индустриализация 
610 1 |a государство 
610 1 |a государственное регулирование 
610 1 |a монополизм 
610 1 |a централизация 
610 1 |a Первая мировая война 1914-1918 
610 1 |a революция 
610 1 |a государственные монополии 
610 1 |a военный коммунизм 
610 1 |a экономическая история 
610 1 |a НЭП 
610 1 |a СССР 
610 1 |a советская экономика 
610 1 |a народное хозяйство 
610 1 |a плановая экономика 
610 1 |a пятилетний план 
610 1 |a планшетность 
610 1 |a политическая экономия 
610 1 |a теория 
610 1 |a планирование 
610 1 |a экономическая реформа 1965 
686 |a У9(2)0-18  |v LBC/SL-A  |2 rubbk 
801 1 |a RU  |b 63413507  |c 20100607 
801 2 |a RU  |b 63413507  |c 20120502  |g RCR 
942 |c BK